00701nam a2200241Ia 450000500170000000800410001702000230005804000190008104100120010008200170011210000180012924500310014725000280017826000370020630000100024365000220025365100230027570000200029885000110031894200070032999900170033695201060035320240105120919.0131103s9999 xx 000 0 und d a8126011319cRs 270 aLoreto College aEnglish a894.814bBAH aBahaddur, Rao aGramayana,cRao Bahaddur.  aTranslated by P.V.Joshi aNew DelhibSahitya Akademic2002 a608p  aIndian Literature aFiction in Kannada aJoshi, P.V., tr aLCLIB  cBK c36191d86670 00102ddc4070aMAINbMAINd2013-11-04l0o894.814 BAH 47271pB39143r2013-11-04w2013-11-04yBKf